000
00313nam a2200121Ia 4500
008
190722s9999 xx 000 0 und d
020
_a
978-969-637-083-3
100
_a
Saira Afzal
245
0
_a
Research Methodology and Basic Biostatistics
260
_a
Karachi
_b
Paramount
_c
2015
300
_a
179
942
_c
BK
999
_c
1204
_d
1204